Bộ luật thương mại

Sách trình bày những điều khoản tổng quát, các điều khoản chung cho những thương hội và hành vi thương mại, về thương mại hàng hải, về khánh tận, phá sản và thanh toán tư pháp.

Enregistré dans:
Détails bibliographiques
Auteur principal: Nguyễn, Hùng Trương
Format: Livre
Langue:Undetermined
Publié: Sài Gòn Khai Trí 1972
Sujets:
Tags: Ajouter un tag
Pas de tags, Soyez le premier à ajouter un tag!
Thư viện lưu trữ: Trung tâm Học liệu Trường Đại học Cần Thơ
LEADER 00848nam a2200205Ia 4500
001 CTU_204607
008 210402s9999 xx 000 0 und d
082 |a 346.59707 
082 |b Tr561 
100 |a Nguyễn, Hùng Trương 
245 0 |a Bộ luật thương mại 
245 0 |c Nguyễn Hùng Trương 
260 |a Sài Gòn 
260 |b Khai Trí 
260 |c 1972 
520 |a Sách trình bày những điều khoản tổng quát, các điều khoản chung cho những thương hội và hành vi thương mại, về thương mại hàng hải, về khánh tận, phá sản và thanh toán tư pháp. 
650 |a Commercial law,Luật thương mại 
650 |z Vietnam,Việt Nam 
904 |i Hải 
980 |a Trung tâm Học liệu Trường Đại học Cần Thơ